Statistics for Russian Geography Quiz

Click here to take the quiz!

General Stats

  • This quiz has been taken 52 times
  • The average score is 9 of 12

Answer Stats

HintAnswer% Correct
What is the capital of Russia?Moscow
100%
What is the largest lake in Russia and the World?Lake Baikal
90%
Which tsar founded St Petersburg?Peter the Great
90%
What is the name of the Russian exclave located between Poland and Lithuania?Kaliningrad
85%
What city is the eastern terminus of the Trans-Siberian Railway?Vladivostok
85%
Which tsar ordered the construction of St Basil's Cathedral?Ivan the Terrible
78%
What is the name of the large Russian island north of Japan?Sakhalin
73%
What is the capital of Tatarstan?Kazan
70%
What is the largest city in Siberia?Novosibirsk
70%
What is the most common nationality of foreign residents in Russia?Ukrainian
60%
What is name of the river that runs through St Petersburg?Neva
45%
What country is Russia's leading export partner in Europe?Netherlands
28%

Score Distribution

Percentile by Number Answered

Percent of People with Each Score

Your Score History

You have not taken this quiz